Villain or visionary? : R.A.S. Macalister and the archaeology of Palestine : proceedings of a workshop held at the Albright Institute of Archaeological Research, Jerusalem, on 13 December 2013 /

Saved in:

Other Authors: Wolff, Samuel Richard, 1950-

Format: Book

Language: English

Published: Leeds : Maney Publishing, 2015.
c2015.

Series: Palestine Exploration Fund annual ; 12.
PEFA ; 12.

Subjects:

Tags: Add Tag

No Tags, Be the first to tag this record!

Call Number: DS111 .A1 P28 v.12

LEADER 02410namaa2200289 4500
003 OSt
005 20260505094539.0
008 130303t20152015enka b 000 0 eng d
020 |a 9781909662605 
040 |c ARCE Library 
050 4 |a DS111 .A1 P28 v.12 
245 0 0 |a Villain or visionary? :   |b R.A.S. Macalister and the archaeology of Palestine : proceedings of a workshop held at the Albright Institute of Archaeological Research, Jerusalem, on 13 December 2013 /   |c editor, Samuel R. Wolff.  |n   
264 1 |a Leeds :  |b Maney Publishing,  |c 2015. 
264 1 |c c2015. 
300 |a ix, 123 pages :  |c 28 cm. 
490 1 |a Palestine Exploration Fund annual ;   |v 12. 
490 1 |a PEFA ;   |v 12. 
504 |a Includes bibliographical references. 
505 0 |a Preface / Samuel R. Wolff -- R.A.S.Macalister's bibliography pertaining to Palestinian archaeology, epigraphy and ethnography / compiled by Samuel R. Wolff -- R.A.S. Macalister: villain or visionary? / Jonathan N. Tubb -- R.A.S. Macalister at Gezer: a response to Jonathan Tubb / William G. Dever -- The disputed legacy of R.A.S. Mcalister's archaeological explorations in Palestine / Shimon Gibson -- R.A.S. Macalister and Gezer / Joe D. Seger -- Macalister at Gezer: a perspective from the field / Samuel R. Wolff, Gary Arbino and Steven Ortiz -- Are the finds from Macalister's Gezer I-III still relevant for current research a century later? / Baruch Brandl -- The Gezer water system re-examined / Daniel A. Warner, Tsvika Tsuk and Jim Parker -- The Gezer Survey: an assessment of Macalister's work / Eric Mitchell -- Bliss and Macalister's excavations at Tell Zakariya (Tel Azekah) in light of published and previously unpublished material / Sharon Napchan-Lavon, Yuval Gadot and Oded Lipschits -- Subterranean complexes at Maresha and additional notes on the Judean Shephelah hiding complexes / Boaz Zissu and Amos Kloner -- Bliss and Macalister's work at Tell es-Safi/Gath: a reappraisal in light of the recent excavations / Rona S. Avissar Lewis and Aren M. Maeir -- In the footsteps of R.A.S. Macalister's excavations / Ronny Reich. 
650 0 |a Archaeologists  |z Ireland  |v Congresses. 
650 0 |a Archaeology  |z Palestine  |x History  |v Congresses. 
700 |a Wolff, Samuel Richard,   |d 1950- 
830 0 |a Palestine Exploration Fund annual ;   |v 12. 
830 0 |a PEFA ;   |v 12. 
901 |a reviewed 
942 |c BK  |2 lcc 
999 |c 6024  |d 6024